000 00558nam a22002292 4500
001 0000023893
003 OSt
005 20220315122428.0
008 130412s xx 000 0 eng d
020 _a0198327660 :
040 _aKABU
_cKABU
100 1 _aTull, Anita.
245 1 0 _aFood and nutrition /
_cAnita Tull.
250 _a1st ed.
260 _aOxford :
_bO. U. P.,
_c1996.
300 _a282 p.
650 0 _aFood.
650 0 _aNutrition.
908 _a130412
942 _2lcc
_cBK
999 _c4455
_d4455